Central Library OPAC University of Rajshahi

John Locke's political philosophy : (Record no. 35875)

MARC details
000 -LEADER
fixed length control field 00676nam a2200229 4500
001 - CONTROL NUMBER
control field 35875
003 - CONTROL NUMBER IDENTIFIER
rucl marc code BD-RjUL
005 - DATE AND TIME OF LATEST TRANSACTION
control field 20251006105455.0
008 - FIXED-LENGTH DATA ELEMENTS--GENERAL INFORMATION
fixed length control field 140610s1964 enk 000 0 eng d
035 ## - SYSTEM CONTROL NUMBER
System control number (BD-RjUL)35971
040 ## - CATALOGING SOURCE
Original cataloging agency SOI
Transcribing agency SOI
Modifying agency m/c
-- ZCU
-- BD-RjUL
Language of cataloging eng
041 ## - LANGUAGE CODE
Language code of text/sound track or separate title eng
082 ## - DEWEY DECIMAL CLASSIFICATION NUMBER
Classification number 320.1
Author mark and year GOJ 1964
099 ## - LOCAL FREE-TEXT CALL NUMBER (OCLC)
Bangla Class number 192L79
-- DG7
100 1# - MAIN ENTRY--PERSONAL NAME
Personal name Gough, J. W.
Fuller form of name (John Wiedhofft)
9 (RLIN) 109257
245 10 - TITLE STATEMENT
Title John Locke's political philosophy :
Remainder of title eight studies /
Statement of responsibility, etc. Gough, J. W.
260 ## - PUBLICATION, DISTRIBUTION, ETC. (IMPRINT)
Place of publication, distribution, etc. Oxford :
Name of publisher, distributor, etc. Clarendon Press,
Date of publication, distribution, etc. 1964.
300 ## - PHYSICAL DESCRIPTION
Pagination vii, 204 p. ;
Size 20 cm.
504 ## - BIBLIOGRAPHY, ETC. NOTE
Bibliography, etc Bibliographical footnotes.
600 10 - SUBJECT ADDED ENTRY--PERSONAL NAME
Personal name Locke, John,
Dates associated with a name 1632-1704.
942 ## - ADDED ENTRY ELEMENTS (KOHA)
Source of classification or shelving scheme Dewey Decimal Classification
Koha item type Books
Holdings
Lost status Source of classification or shelving scheme Damaged status Not for loan Collection code Permanent Location Current Location Shelving location Date acquired Source of acquisition Cost, normal purchase price Total Checkouts Full call number Date last seen Copy number Koha item type
  Dewey Decimal Classification   Not For Loan Non-fiction Central Library, University of Rajshahi Central Library, University of Rajshahi Reading Room 29/08/1968 Zeitlinger 25.00   320.1 GOJ 1964 10/06/2014 C-1 Books
  Dewey Decimal Classification     Non-fiction Central Library, University of Rajshahi Central Library, University of Rajshahi   21/01/1965 Zeitlinger 21.00   320.1 GOJ 1964 12/06/2014 C-2 Books
  Dewey Decimal Classification     Non-fiction Central Library, University of Rajshahi Central Library, University of Rajshahi   19/02/1963 Zeitlinger 21.00   320.1 GOJ 1956 16/06/2014 C-3 Books
  Dewey Decimal Classification     Non-fiction Central Library, University of Rajshahi Central Library, University of Rajshahi General Stacks 26/06/1973 Euro-Bangladesh News Agencies 38.50   320.1 GOJ 1964 20/10/2022 C-4 Books
  Dewey Decimal Classification     Non-fiction Central Library, University of Rajshahi Central Library, University of Rajshahi General Stacks 29/08/1968 Zeitlinger 25.00   320.1 GOJ 1964 06/10/2025 C-5 Books
  Dewey Decimal Classification     Non-fiction Central Library, University of Rajshahi Central Library, University of Rajshahi General Stacks 29/08/1968 Zeitlinger 25.00   320.1 GOJ 1964 10/11/2025 C-6 Books